000 00647nam a2200265Ia 4500
005 20260121170548.0
008 008 260114s9999 xx 000 0 eng d
020 _a9789811075575
037 _aEBOOK
040 _aCRL
040 _beng
040 _cCRL
041 _2eng
041 _aeng
084 _qCRL
100 _aLeïla Choukroune, Parul Bhandari
_91065402
245 0 _aExploring Indian Modernities
260 _bSpringer
260 _bSpringer
260 _c2018
856 _uhttps://link.springer.com/openurl?genre=book&isbn=978-981-10-7557-5
942 _cEBOOK
999 _c1631132
_d1631132